[Event "Marianske Lazne IM-B3 17th"]
[Site "Marianske Lazne"]
[Date "2018.01.27"]
[Round "9"]
[White "Heimrath, Reiner"]
[Black "Vulfson, Vladimir"]
[Result "0-1"]
[WhiteElo "2260"]
[BlackElo "2401"]
[PlyCount "90"]
[EventDate "2018.01.20"]
[EventType "tourn"]
[EventRounds "9"]
[EventCountry "CZE"]
[EventCategory "1"]
[SourceTitle "CBM 182 Extra"]
[Source "ChessBase"]
[SourceDate "2018.02.23"]
[SourceVersion "1"]
[SourceVersionDate "2018.02.23"]
[SourceQuality "1"]

1. e4 c5 2. Nc3 Nc6 3. d3 d6 4. Be3 Nf6 5. h3 d5 6. exd5 Nxd5 7. Nxd5 Qxd5 8. Ne2 e5 9. Nc3 Qd7 10. Be2 Be7 11. Bg4 Qd8 12. Bxc8 Rxc8 13. Qg4 Nd4 14. Bxd4 cxd4 15. Nd5 0-0 16. Nxe7+ Qxe7 17. 0-0-0 Rc5 18. Rhe1 Qd6 19. Rd2 f5 20. Qd1 Qd5 21. Kb1 Qxg2 22. f4 Qg3 23. Rf1 Qxh3 24. Re2 Re8 25. Rh1 Qf3 26. Rxh7 e4 27. Rh1 Kf7 28. Rf1 Qg4 29. Rg1 exd3 30. Rxg4 dxe2 31. Rxg7+ Kf8 32. Qe1 Kxg7 33. Kc1 Kf7 34. Kd2 Rc6 35. Kd3 Ree6 36. a4 a5 37. Kd2 Ke8 38. Kd3 Kd7 39. Kd2 Re4 40. Kd3 b6 41. Kd2 Rce6 42. Kd3 Rxf4 43. Kc4 Rf1 44. Qh4 e1Q 45. Qh7+ Kc6 0-1

[Event "Marianske Lazne IM-B3 17th"]
[Site "Marianske Lazne"]
[Date "2018.01.22"]
[Round "3"]
[White "Vulfson, Vladimir"]
[Black "Frolov, Artur"]
[Result "1/2-1/2"]
[WhiteElo "2401"]
[BlackElo "2407"]
[PlyCount "136"]
[EventDate "2018.01.20"]
[EventType "tourn"]
[EventRounds "9"]
[EventCountry "CZE"]
[EventCategory "1"]
[SourceTitle "CBM 182 Extra"]
[Source "ChessBase"]
[SourceDate "2018.02.23"]
[SourceVersion "1"]
[SourceVersionDate "2018.02.23"]
[SourceQuality "1"]

1. d4 Nf6 2. c4 c5 3. d5 e5 4. Nc3 d6 5. e4 g6 6. h3 h5 7. Bd3 h4 8. Bc2 Bh6 9. Bxh6 Rxh6 10. Qd2 Rh7 11. f4 exf4 12. Nf3 Nh5 13. 0-0-0 Nd7 14. e5 Nxe5 15. Rhe1 Kf8 16. Nxe5 dxe5 17. Rxe5 Qd6 18. Rde1 Bd7 19. Bd1 f6 20. Re6 Bxe6 21. Rxe6 Qd8 22. Qd3 f5 23. Rxg6 Ng7 24. Ne2 Qe7 25. Nxf4 Qe4 26. Qxe4 fxe4 27. Bc2 Re8 28. Rg4 Kf7 29. Kd2 Rh6 30. Ne2 e3+ 31. Ke1 Re5 32. Ng1 Reh5 33. Nf3 Ne8 34. Ke2 Nd6 35. Kxe3 b5 36. cxb5 Rxd5 37. Ra4 Re6+ 38. Kf2 Kf6 39. Rxh4 c4 40. a4 Re7 41. Rh6+ Kg7 42. Rg6+ Kf7 43. Rg4 Rb7 44. Be4 Nxe4+ 45. Rxe4 a6 46. Rxc4 axb5 47. Rb4 Ke8 48. Kg1 Rf7 49. axb5 Rff5 50. Re4+ Kd7 51. Nd4 Rfe5 52. Rf4 Re1+ 53. Kf2 Rb1 54. b3 Rb2+ 55. Kf3 Rd2 56. Nf5 R5d3+ 57. Ne3 Rxb3 58. Re4 Rxb5 59. g4 Rh2 60. Kg3 Rhb2 61. h4 R2b4 62. Nc4 Kc6 63. h5 Kd5 64. Kf4 Rxc4 65. Rxc4 Kxc4 66. h6 Rb1 67. g5 Rh1 68. Kf5 Kd4 1/2-1/2

[Event "Marianske Lazne IM2 15th"]
[Site "Marianske Lazne"]
[Date "2016.01.23"]
[Round "9"]
[White "Gumularz, Szymon"]
[Black "Vulfson, Vladimir"]
[Result "1/2-1/2"]
[WhiteElo "2258"]
[BlackElo "2421"]
[PlyCount "55"]
[EventDate "2016.01.16"]
[EventType "tourn"]
[EventRounds "9"]
[EventCountry "CZE"]
[EventCategory "1"]
[SourceTitle "CBM 170 Extra"]
[Source "ChessBase"]
[SourceDate "2016.02.25"]
[SourceVersion "1"]
[SourceVersionDate "2016.02.25"]
[SourceQuality "1"]

1. d4 d5 2. c4 e6 3. Nf3 Nf6 4. Nc3 Be7 5. Bf4 0-0 6. e3 c5 7. dxc5 Bxc5 8. Qc2 Nc6 9. a3 Qa5 10. Nd2 Be7 11. Bg3 Qb6 12. Be2 d4 13. Na4 Qd8 14. b4 dxe3 15. fxe3 Bd6 16. Bxd6 Qxd6 17. 0-0 Qe5 18. Qc3 Rd8 19. Rad1 Bd7 20. b5 Qxc3 21. Nxc3 Na5 22. Nde4 Nxe4 23. Nxe4 Be8 24. Nd6 Kf8 25. c5 Ke7 26. Bf3 Rab8 27. a4 Rd7 28. Rc1 1/2-1/2

[Event "Marianske Lazne IM2 15th"]
[Site "Marianske Lazne"]
[Date "2016.01.22"]
[Round "8"]
[White "Vulfson, Vladimir"]
[Black "Burnett, Andrew"]
[Result "1-0"]
[WhiteElo "2421"]
[BlackElo "2210"]
[PlyCount "115"]
[EventDate "2016.01.16"]
[EventType "tourn"]
[EventRounds "9"]
[EventCountry "CZE"]
[EventCategory "1"]
[SourceTitle "CBM 170 Extra"]
[Source "ChessBase"]
[SourceDate "2016.02.25"]
[SourceVersion "1"]
[SourceVersionDate "2016.02.25"]
[SourceQuality "1"]

1. Nf3 Nf6 2. c4 g6 3. Nc3 Bg7 4. e4 d6 5. d4 0-0 6. Be2 Bg4 7. Be3 Nfd7 8. Qb3 Na6 9. 0-0 e5 10. Rad1 Bxf3 11. Bxf3 exd4 12. Bxd4 Nac5 13. Qc2 Bxd4 14. Rxd4 Ne6 15. Rd2 Ne5 16. Be2 Nf4 17. Nd5 Nxe2+ 18. Rxe2 c6 19. Ne3 Qb6 20. Qc3 Rfe8 21. Rd2 Re6 22. Rfd1 c5 23. f4 Nc6 24. f5 Re5 25. Ng4 Nd4 26. Rf1 gxf5 27. Nxe5 dxe5 28. Qg3+ Qg6 29. Qxe5 fxe4 30. Kh1 Rc8 31. Rdf2 f5 32. g4 Qe8 33. Qd5+ Qf7 34. Qe5 Qe8 35. Qg3 f4 36. Qxf4 Qe7 37. Qe3 Re8 38. Re1 Qe5 39. Qh6 Qg7 40. Qxg7+ Kxg7 41. Re3 Re6 42. Rf4 Rb6 43. b3 Ra6 44. Rfxe4 Rxa2 45. Re7+ Kg6 46. Rxb7 Kg5 47. Rxh7 Kf4 48. Rhe7 Ra1+ 49. Re1 Ra2 50. Rf1+ Kg5 51. Re5+ Kxg4 52. Re8 Nxb3 53. Rg8+ Kh4 54. Rf7 Ra1+ 55. Kg2 Ra2+ 56. Kg1 Ra1+ 57. Kf2 Ra2+ 58. Ke3 1-0

[Event "Marianske Lazne IM2 15th"]
[Site "Marianske Lazne"]
[Date "2016.01.18"]
[Round "3"]
[White "Varitski, Igor"]
[Black "Vulfson, Vladimir"]
[Result "0-1"]
[WhiteElo "2212"]
[BlackElo "2421"]
[PlyCount "134"]
[EventDate "2016.01.16"]
[EventType "tourn"]
[EventRounds "9"]
[EventCountry "CZE"]
[EventCategory "1"]
[SourceTitle "CBM 170 Extra"]
[Source "ChessBase"]
[SourceDate "2016.02.25"]
[SourceVersion "1"]
[SourceVersionDate "2016.02.25"]
[SourceQuality "1"]

1. e4 c5 2. Nf3 d6 3. Bb5+ Bd7 4. Bxd7+ Qxd7 5. c4 Nc6 6. d4 cxd4 7. Nxd4 Nf6 8. Nc3 g6 9. f3 Bg7 10. Be3 0-0 11. 0-0 a6 12. Nd5 Nxd5 13. cxd5 Nxd4 14. Bxd4 Bxd4+ 15. Qxd4 Rac8 16. Rac1 Rc7 17. Qd2 Rfc8 18. h3 Qb5 19. Kh2 Qb6 20. Rxc7 Qxc7 21. Qb4 b5 22. Re1 Qc5 23. Qxc5 Rxc5 24. Re2 g5 25. h4 h6 26. Kg3 Kg7 27. hxg5 hxg5 28. Kg4 Kg6 29. g3 Rc4 30. f4 gxf4 31. gxf4 Rd4 32. Kf3 f5 33. Rg2+ Kf6 34. exf5 Rxd5 35. Ke4 Rxf5 36. Rg8 Rc5 37. Rf8+ Kg7 38. Ra8 Rc4+ 39. Kf5 Ra4 40. a3 Kf7 41. Ra7 Ra5 42. Ke4 Kf6 43. Ra8 Ra4+ 44. Ke3 e6 45. Rf8+ Ke7 46. Rc8 d5 47. Rc6 Kf6 48. Rc8 b4 49. axb4 Rxb4 50. Rf8+ Ke7 51. Ra8 Rb3+ 52. Kd4 Rf3 53. Ra7+ Kf6 54. Rxa6 Rxf4+ 55. Kc5 Rc4+ 56. Kb5 Rc1 57. b4 d4 58. Rd6 Ke5 59. Rd8 Ke4 60. Ka6 d3 61. b5 Ra1+ 62. Kb7 e5 63. b6 Ke3 64. Rd5 d2 65. Rxe5+ Kd4 66. Re7 Ra5 67. Kc6 Rc5+ 0-1

[Event "Marianske Lazne IM2 15th"]
[Site "Marianske Lazne"]
[Date "2016.01.17"]
[Round "2"]
[White "Vulfson, Vladimir"]
[Black "Utiatskaja, Irina"]
[Result "1/2-1/2"]
[WhiteElo "2421"]
[BlackElo "2108"]
[PlyCount "26"]
[EventDate "2016.01.16"]
[EventType "tourn"]
[EventRounds "9"]
[EventCountry "CZE"]
[EventCategory "1"]
[SourceTitle "CBM 170 Extra"]
[Source "ChessBase"]
[SourceDate "2016.02.25"]
[SourceVersion "1"]
[SourceVersionDate "2016.02.25"]
[SourceQuality "1"]

1. c4 Nf6 2. Nf3 c6 3. Nc3 d5 4. d4 Bf5 5. cxd5 cxd5 6. Bf4 Nc6 7. e3 e6 8. Bd3 Bxd3 9. Qxd3 Bd6 10. Bxd6 Qxd6 11. 0-0 0-0 12. Rfc1 Rfc8 13. h3 h6 1/2-1/2

[Event "Moscow-chT"]
[Site "Moscow"]
[Date "2012.09.30"]
[Round "4.1"]
[White "Dlugy, Maxim"]
[Black "Vulfson, Vladimir"]
[Result "1/2-1/2"]
[WhiteElo "2519"]
[BlackElo "2422"]
[PlyCount "90"]
[EventDate "2012.09.23"]
[EventType "team-tourn"]
[EventRounds "7"]
[EventCountry "RUS"]
[SourceTitle "CBM 150 Extra"]
[Source "ChessBase"]
[SourceDate "2012.10.19"]
[SourceVersion "1"]
[SourceVersionDate "2012.10.19"]
[SourceQuality "1"]
[WhiteTeam "Navigator"]
[BlackTeam "Palace"]
[WhiteTeamCountry "RUS"]
[BlackTeamCountry "RUS"]

1. d4 d5 2. Nf3 Nf6 3. c4 e6 4. g3 dxc4 5. Qa4+ Nbd7 6. Bg2 a6 7. Qxc4 b5 8. Qc6 Ra7 9. Nbd2 Bb7 10. Qc2 c5 11. dxc5 Bxc5 12. 0-0 0-0 13. a4 Qa8 14. Nb3 Be4 15. Qd1 Rd8 16. axb5 axb5 17. Bd2 Bb6 18. Rxa7 Qxa7 19. Qa1 Qb7 20. Bc3 Bd5 21. Na5 Qa8 22. b4 e5 23. Bxe5 Nxe5 24. Qxe5 Re8 25. Qb2 Ng4 26. Nh4 Bxg2 27. Nxg2 Qe4 28. Nf4 g5 29. Nd3 Qxe2 30. Qxe2 Rxe2 31. Nb3 f5 32. Nbc5 Rd2 33. h3 Bxc5 34. bxc5 Rxd3 35. hxg4 Rc3 36. gxf5 Rxc5 37. g4 b4 38. Rb1 Rb5 39. Kf1 b3 40. Ke2 Rb4 41. Kd3 Rxg4 42. Rxb3 Rf4 43. Rb5 Rxf2 44. Ke4 Kg7 45. Rb7+ Kf6 1/2-1/2

[Event "Dmitrov Summer op"]
[Site "Dmitrov"]
[Date "2008.07.26"]
[Round "8"]
[White "Vakhlamov, Igor L"]
[Black "Vulfson, Vladimir"]
[Result "1/2-1/2"]
[WhiteElo "2113"]
[BlackElo "2441"]
[PlyCount "61"]
[EventDate "2008.07.21"]
[EventType "swiss"]
[EventRounds "9"]
[EventCountry "RUS"]
[SourceTitle "EXT 2022"]
[Source "ChessBase"]
[SourceDate "2021.10.06"]
[SourceVersion "1"]
[SourceVersionDate "2021.10.06"]
[SourceQuality "1"]

1. e4 c5 2. Nf3 d6 3. d4 cxd4 4. Qxd4 Nc6 5. Bb5 Bd7 6. Bxc6 Bxc6 7. Nc3 Nf6 8. Bg5 e6 9. 0-0-0 Be7 10. Rhe1 0-0 11. Qd3 Qa5 12. Kb1 Rfc8 13. Bd2 Qc7 14. Nd4 a6 15. f4 b5 16. a3 Rab8 17. f5 Bd7 18. fxe6 fxe6 19. Nce2 Qc4 20. h3 e5 21. Nf5 Bxf5 22. exf5 d5 23. Nc1 e4 24. Qxc4 bxc4 25. Ka2 d4 26. Bf4 Rb5 27. Rxd4 Rxf5 28. Ne2 Rd5 29. Red1 Rcd8 30. Be3 Kf7 31. Nc3 1/2-1/2

[Event "Dmitrov Summer op"]
[Site "Dmitrov"]
[Date "2008.07.23"]
[Round "3"]
[White "Vulfson, Vladimir"]
[Black "Kovtunenko, Alexandr"]
[Result "1-0"]
[WhiteElo "2441"]
[BlackElo "2246"]
[PlyCount "119"]
[EventDate "2008.07.21"]
[EventType "swiss"]
[EventRounds "9"]
[EventCountry "RUS"]
[SourceTitle "EXT 2022"]
[Source "ChessBase"]
[SourceDate "2021.10.06"]
[SourceVersion "1"]
[SourceVersionDate "2021.10.06"]
[SourceQuality "1"]

1. Nf3 Nf6 2. c4 g6 3. Nc3 Bg7 4. e4 d6 5. d4 0-0 6. Be2 e5 7. d5 a5 8. Bg5 Na6 9. Nd2 Qe8 10. a3 Nc5 11. b4 axb4 12. axb4 Rxa1 13. Qxa1 Ncxe4 14. Ndxe4 Nxe4 15. Nxe4 f5 16. Nc3 f4 17. Ne4 h6 18. Bxh6 Bxh6 19. f3 Qd8 20. 0-0 Bf5 21. Qa7 Qa8 22. Qa1 Kg7 23. Bd3 Bxe4 24. Bxe4 Bg5 25. Qc3 Qa7+ 26. c5 Ra8 27. Bb1 Qa1 28. Qc2 Qd4+ 29. Kh1 e4 30. cxd6 cxd6 31. Qc7+ Kh6 32. Qxd6 Ra1 33. h4 Bxh4 34. Qxf4+ Bg5 35. Qxe4 Qf6 36. f4 Bh4 37. Kh2 Ra3 38. Bd3 Ra2 39. Rf3 Rf2 40. Rxf2 Bxf2 41. g3 Kg7 42. d6 Qxd6 43. Qxb7+ Kh6 44. Qe4 Ba7 45. b5 Qb6 46. Kh3 Qd6 47. Qe8 Bd4 48. Qc6 Bc5 49. Qxd6 Bxd6 50. Kg4 Bc5 51. Kf3 Kg7 52. g4 Kf6 53. g5+ Kg7 54. Ke4 Kf7 55. f5 Bb6 56. Kd5 gxf5 57. Bxf5 Be3 58. g6+ Kf6 59. Bd3 Ke7 60. Kc6 1-0

[Event "Dmitrov Summer op"]
[Site "Dmitrov"]
[Date "2008.07.22"]
[Round "2"]
[White "Dzhangobegov, Vladimir"]
[Black "Vulfson, Vladimir"]
[Result "0-1"]
[WhiteElo "2166"]
[BlackElo "2441"]
[PlyCount "194"]
[EventDate "2008.07.21"]
[EventType "swiss"]
[EventRounds "9"]
[EventCountry "RUS"]
[SourceTitle "EXT 2022"]
[Source "ChessBase"]
[SourceDate "2021.10.06"]
[SourceVersion "1"]
[SourceVersionDate "2021.10.06"]
[SourceQuality "1"]

1. e4 e5 2. Nf3 Nc6 3. d4 exd4 4. Nxd4 Bc5 5. Be3 Qf6 6. c3 Qg6 7. Nb5 Bxe3 8. fxe3 Kd8 9. Nd2 Nf6 10. Qf3 d6 11. h3 Re8 12. 0-0-0 Bd7 13. Qf4 h6 14. g4 Qg5 15. Qf3 Ne5 16. Qf4 Ng6 17. Qxg5 hxg5 18. Nd4 Nxe4 19. Nxe4 Rxe4 20. Bd3 Rxe3 21. Bxg6 fxg6 22. Rde1 Re5 23. Rxe5 dxe5 24. Nf3 Be6 25. b3 a5 26. Nxe5 a4 27. Rf1 Ra6 28. Rf8+ Ke7 29. Nxg6+ Kd7 30. Kb2 axb3 31. axb3 Rb6 32. b4 Ra6 33. c4 Ra4 34. Kc3 c5 35. Ne5+ Kd6 36. Nd3 Ra3+ 37. Kd2 cxb4 38. c5+ Ke7 39. Rb8 Bd5 40. Nxb4 Be4 41. Rh8 Rb3 42. Na2 Rd3+ 43. Ke2 Ra3 44. Nb4 Rb3 45. Na2 Bc6 46. Nc1 Rc3 47. Kd2 Rxc5 48. Rg8 Kf7 49. Rc8 Ra5 50. Nd3 Bg2 51. Ke3 Bc6 52. Rc7+ Kf6 53. Nb4 Ra3+ 54. Kd4 Bg2 55. Nd5+ Bxd5 56. Kxd5 Rb3 57. Kd4 Kg6 58. Ke5 Kh6 59. Rd7 Re3+ 60. Kf5 g6+ 61. Kf6 Rf3+ 62. Ke5 b5 63. Rb7 Rb3 64. Kd5 Rd3+ 65. Ke5 Rxh3 66. Rxb5 Rf3 67. Rb1 Rd3 68. Rb2 Rd1 69. Re2 Rf1 70. Kd5 Rf4 71. Re4 Kg7 72. Re7+ Kf6 73. Re6+ Kf7 74. Re4 Rf3 75. Ke5 Ra3 76. Rb4 Ra5+ 77. Ke4 Ra6 78. Rc4 Kf6 79. Rb4 Ke6 80. Rd4 Ra3 81. Rb4 Rg3 82. Rb6+ Kf7 83. Rb7+ Kf6 84. Rb6+ Kg7 85. Rb7+ Kh6 86. Ke5 Rxg4 87. Rb8 Rf4 88. Rh8+ Kg7 89. Rh1 Ra4 90. Rg1 g4 91. Rg2 Kh6 92. Kf6 Rf4+ 93. Ke5 Kg5 94. Rg1 Rf3 95. Ke4 Ra3 96. Rb1 g3 97. Rb5+ Kg4 0-1

[Event "Dmitrov Summer op"]
[Site "Dmitrov"]
[Date "2008.07.22"]
[Round "1"]
[White "Vulfson, Vladimir"]
[Black "Kiseljova, Marya"]
[Result "1-0"]
[WhiteElo "2441"]
[BlackElo "2054"]
[PlyCount "75"]
[EventDate "2008.07.21"]
[EventType "swiss"]
[EventRounds "9"]
[EventCountry "RUS"]
[SourceTitle "EXT 2022"]
[Source "ChessBase"]
[SourceDate "2021.10.06"]
[SourceVersion "1"]
[SourceVersionDate "2021.10.06"]
[SourceQuality "1"]

1. e4 d6 2. d4 Nf6 3. Nc3 e5 4. Nf3 Nbd7 5. Bc4 Be7 6. 0-0 0-0 7. a4 a5 8. h3 c6 9. Be3 exd4 10. Bxd4 Qc7 11. Ba2 Nc5 12. Qe2 Ne6 13. Be3 Re8 14. Rad1 Bf8 15. Rfe1 h6 16. Nd2 Nc5 17. Bd4 Qe7 18. Bxc5 dxc5 19. e5 Qc7 20. Nc4 Nd5 21. Nxd5 cxd5 22. Rxd5 Qc6 23. Rd3 Qxa4 24. Nb6 Qxa2 25. Nxa8 Bf5 26. Rf3 Bxc2 27. Qxc2 Rxa8 28. e6 fxe6 29. Rd1 e5 30. Rd7 Qe6 31. Rxb7 Rd8 32. b3 Qc6 33. Qc4+ Kh8 34. Qf7 e4 35. Rg3 Rd1+ 36. Kh2 Qd6 37. Rb6 Qe7 38. Rxh6+ 1-0

[Event "St Petersburg-Moscow"]
[Site "St Petersburg"]
[Date "2003.05.03"]
[Round "1"]
[White "Smirnov, Artem"]
[Black "Vulfson, Vladimir"]
[Result "0-1"]
[WhiteElo "2368"]
[BlackElo "2417"]
[PlyCount "94"]
[EventDate "2003.05.03"]
[EventType "team"]
[EventRounds "2"]
[EventCountry "RUS"]
[SourceTitle "CBM 095"]
[Source "ChessBase"]
[SourceDate "2003.07.25"]
[SourceVersion "1"]
[SourceVersionDate "2003.07.25"]
[SourceQuality "1"]

1. d4 d5 2. c4 e6 3. Nc3 Be7 4. cxd5 exd5 5. Bf4 c6 6. e3 Nf6 7. Bd3 Bg4 8. Nge2 Bh5 9. f3 Bg6 10. e4 dxe4 11. fxe4 0-0 12. 0-0 Na6 13. Kh1 Rc8 14. Be3 c5 15. d5 c4 16. Bb1 Ng4 17. Bd4 Bd6 18. h3 Nc5 19. b4 cxb3 20. axb3 Re8 21. Ng1 Nf6 22. Bxf6 gxf6 23. Nf3 a6 24. Bd3 Bb8 25. Re1 Qc7 26. Rc1 Qg3 27. b4 Nd7 28. Ne2 Rxc1 29. Qxc1 Qd6 30. Qb1 Ne5 31. Ned4 Nxd3 32. Qxd3 Qf4 33. Qd2 Qxd2 34. Nxd2 Bf4 35. N4f3 Bd6 36. b5 axb5 37. Rb1 b4 38. Nc4 Bc5 39. Nfd2 Bxe4 40. d6 Kf8 41. Nb3 b6 42. Ra1 Bd5 43. Nxc5 bxc5 44. Nb6 Be6 45. Rc1 Rb8 46. Na4 c4 47. Nc5 Ke8 0-1

[Event "RUS-Cup04"]
[Site "Samara"]
[Date "2002.08.02"]
[Round "8"]
[White "Kim, Sergey2222"]
[Black "Vulfson, Vladimir"]
[Result "1/2-1/2"]
[WhiteElo "2268"]
[BlackElo "2412"]
[PlyCount "141"]
[EventDate "2002.07.26"]
[EventType "swiss"]
[EventRounds "9"]
[EventCountry "RUS"]
[SourceTitle "CBM 089 Extra"]
[Source "ChessBase"]
[SourceDate "2002.09.10"]
[SourceVersion "2"]
[SourceVersionDate "2002.09.10"]
[SourceQuality "1"]

1. e4 c5 2. Nf3 e6 3. d3 d5 4. Nbd2 Nc6 5. g3 g6 6. Bg2 Bg7 7. 0-0 Nge7 8. Re1 0-0 9. e5 h6 10. h4 f5 11. exf6 Rxf6 12. c4 Qd6 13. Nf1 Rf7 14. Ne3 Bd7 15. Ng4 e5 16. Ne3 Raf8 17. cxd5 Nxd5 18. Nxd5 Qxd5 19. Nxe5 Qxg2+ 20. Kxg2 Rxf2+ 21. Kg1 Nxe5 22. Bf4 Ng4 23. Re7 Bf5 24. Qb3+ Kh8 25. Rxg7 Kxg7 26. Re1 Rf7 27. Re8 Rf3 28. Qc3+ Nf6 29. Be5 Bxd3 30. Qxc5 g5 31. h5 Kh7 32. Rf8 Nxh5 33. Rh8+ Kg6 34. Qd6+ Kf5 35. Rxh6 Kg4 36. Qd4+ Nf4 37. gxf4 gxf4 38. Rh2 Rf1+ 39. Kg2 Rd1 40. Kf2 Rd2+ 41. Kg1 Rd1+ 42. Kf2 Rd2+ 43. Ke1 Rxh2 44. Qxd3 Rf5 45. Qe4 b5 46. Bd4 a5 47. a3 a4 48. Kf1 Rfh5 49. Kg1 R2h3 50. Bf2 Rb3 51. Kg2 Kg5 52. Qd5+ Kg4 53. Qd1+ Kg5 54. Qd4 Kg4 55. Qg7+ Kf5 56. Qf7+ Kg5 57. Bd4 Rg3+ 58. Kf1 Rh1+ 59. Ke2 Rh2+ 60. Bf2 Rgg2 61. Qg8+ Kf5 62. Qd5+ Kg4 63. Qd7+ Kg5 64. Qxb5+ Kg4 65. Qd7+ Kg5 66. Qd5+ Kg4 67. Qe6+ Kg5 68. Qg8+ Kf5 69. Qf7+ Kg5 70. Qg8+ Kf5 71. Qf7+ 1/2-1/2

[Event "RUS-Cup04"]
[Site "Samara"]
[Date "2002.07.31"]
[Round "6"]
[White "Rodchenkov, Vitaly"]
[Black "Vulfson, Vladimir"]
[Result "0-1"]
[WhiteElo "2305"]
[BlackElo "2412"]
[PlyCount "104"]
[EventDate "2002.07.26"]
[EventType "swiss"]
[EventRounds "9"]
[EventCountry "RUS"]
[SourceTitle "CBM 089 Extra"]
[Source "ChessBase"]
[SourceDate "2002.09.10"]
[SourceVersion "2"]
[SourceVersionDate "2002.09.10"]
[SourceQuality "1"]

1. e4 c5 2. Nf3 Nc6 3. Nc3 g6 4. d4 cxd4 5. Nxd4 Bg7 6. Nb3 Nf6 7. Be2 0-0 8. 0-0 d6 9. Re1 Be6 10. Bf1 a5 11. a4 Rc8 12. Bg5 Nb4 13. Nd4 Bc4 14. Bxc4 Rxc4 15. Ndb5 h6 16. Qe2 Qc8 17. Bh4 Qc5 18. Na3 Rxc3 19. bxc3 Qxc3 20. Nb5 Qxc2 21. Rac1 Qxa4 22. Ra1 Qb3 23. Ra3 Qc2 24. Rxa5 Qxe2 25. Rxe2 g5 26. Bg3 Nc6 27. Ra4 Nh5 28. f3 Nxg3 29. hxg3 f5 30. Nc7 Nd4 31. Re1 b5 32. Ra2 b4 33. Nd5 b3 34. Nxe7+ Kf7 35. Ra7 Nxf3+ 36. Kf1 Nxe1 37. Nxf5+ Kf6 38. Kxe1 Rb8 39. Ra1 d5 40. Nxg7 Kxg7 41. exd5 b2 42. Rb1 Kf6 43. Kd2 Ke5 44. Kc2 Kd6 45. Rxb2 Rxb2+ 46. Kxb2 Kxd5 47. Kc2 Ke4 48. Kd2 Kf5 49. Ke3 Kg4 50. Kf2 h5 51. Kg1 Kxg3 52. Kf1 Kh2 0-1

[Event "RUS-Cup04"]
[Site "Samara"]
[Date "2002.07.30"]
[Round "5"]
[White "Vulfson, Vladimir"]
[Black "Yandemirov, Valeri"]
[Result "0-1"]
[WhiteElo "2412"]
[BlackElo "2502"]
[PlyCount "88"]
[EventDate "2002.07.26"]
[EventType "swiss"]
[EventRounds "9"]
[EventCountry "RUS"]
[SourceTitle "CBM 089 Extra"]
[Source "ChessBase"]
[SourceDate "2002.09.10"]
[SourceVersion "2"]
[SourceVersionDate "2002.09.10"]
[SourceQuality "1"]

1. d4 Nf6 2. c4 g6 3. Nc3 d5 4. cxd5 Nxd5 5. e4 Nxc3 6. bxc3 Bg7 7. Nf3 c5 8. Be3 Qa5 9. Qd2 0-0 10. Rc1 Rd8 11. d5 e6 12. c4 Qxd2+ 13. Kxd2 b6 14. Bd3 Na6 15. h3 Nb4 16. Bb1 f5 17. exf5 exd5 18. fxg6 hxg6 19. Bg5 Rd7 20. Ke3 dxc4 21. Kf4 Nd3+ 22. Kg3 b5 23. Rce1 Bb7 24. Re3 Rf8 25. Rd1 Bxf3 26. gxf3 Bd4 27. Re6 Kf7 28. Ra6 Re8 29. Kg2 Re2 30. Bxd3 cxd3 31. Rxd3 Rxf2+ 32. Kg3 Re2 33. f4 c4 34. Rxd4 Rxd4 35. Rxa7+ Kf8 36. a4 Rd3+ 37. Kg4 Rg2+ 38. Kh4 bxa4 39. Rxa4 c3 40. Rc4 c2 41. f5 gxf5 42. Kh5 Kf7 43. h4 Ke6 44. Kg6 Rd1 0-1

[Event "RUS-Cup04"]
[Site "Samara"]
[Date "2002.07.29"]
[Round "4"]
[White "Iliushkin, Evgeny"]
[Black "Vulfson, Vladimir"]
[Result "0-1"]
[WhiteElo "2292"]
[BlackElo "2412"]
[PlyCount "72"]
[EventDate "2002.07.26"]
[EventType "swiss"]
[EventRounds "9"]
[EventCountry "RUS"]
[SourceTitle "CBM 089 Extra"]
[Source "ChessBase"]
[SourceDate "2002.09.10"]
[SourceVersion "2"]
[SourceVersionDate "2002.09.10"]
[SourceQuality "1"]

1. d4 d5 2. c4 dxc4 3. Nf3 Nf6 4. e3 e6 5. Bxc4 c5 6. 0-0 a6 7. a4 Nc6 8. Nc3 cxd4 9. exd4 Be7 10. Bg5 0-0 11. Re1 Nb4 12. Qe2 Bd7 13. d5 Nbxd5 14. Nxd5 exd5 15. Qxe7 dxc4 16. Qb4 h6 17. Bh4 Be6 18. Rad1 Qc7 19. Bxf6 gxf6 20. Nd4 Rfe8 21. Re4 Rad8 22. Rde1 Bd7 23. h3 Re5 24. R1e3 Rde8 25. Rg3+ Kh7 26. Rxe5 fxe5 27. Nf3 b5 28. Qd2 Bf5 29. axb5 axb5 30. Nh4 Bd3 31. Rf3 Qd8 32. Nf5 Bxf5 33. Qxd8 Rxd8 34. Rxf5 Rd2 35. b3 cxb3 36. Rf3 b2 0-1

[Event "RUS-Cup04"]
[Site "Samara"]
[Date "2002.07.26"]
[Round "1"]
[White "Vulfson, Vladimir"]
[Black "Doluhanova, Evgeniya"]
[Result "1-0"]
[WhiteElo "2412"]
[BlackElo "2097"]
[PlyCount "97"]
[EventDate "2002.07.26"]
[EventType "swiss"]
[EventRounds "9"]
[EventCountry "RUS"]
[SourceTitle "CBM 089 Extra"]
[Source "ChessBase"]
[SourceDate "2002.09.10"]
[SourceVersion "2"]
[SourceVersionDate "2002.09.10"]
[SourceQuality "1"]

1. d4 d5 2. c4 e6 3. Nc3 Nf6 4. Bg5 c6 5. e3 Nbd7 6. cxd5 exd5 7. Bd3 h6 8. Bh4 Be7 9. Qc2 0-0 10. Nf3 Re8 11. 0-0 Ne4 12. Bxe7 Qxe7 13. b4 Ndf6 14. b5 c5 15. dxc5 Nxc5 16. Rac1 b6 17. h3 Bb7 18. Be2 Rac8 19. Nd4 Nce4 20. Qb2 Nxc3 21. Rxc3 Rxc3 22. Qxc3 Ne4 23. Qb2 Qf6 24. Qa3 Ra8 25. Bd3 Nc5 26. Rc1 a6 27. bxa6 Bxa6 28. Bb5 g6 29. Rd1 Bb7 30. Qb2 Kg7 31. Be2 Ba6 32. Bxa6 Rxa6 33. Qe2 Ra8 34. Rb1 Ra4 35. Qb2 Nd3 36. Qd2 Nc5 37. Nb5 Ne4 38. Qb2 Ra5 39. f3 Qxb2 40. Rxb2 Nf6 41. Kf2 Nd7 42. Ke2 Ne5 43. Nc3 Nc4 44. Rb3 Kf6 45. f4 Ke6 46. Kd3 f5 47. g4 Kd6 48. Kd4 Ra3 49. Nb5+ 1-0

[Event "St Petersburg White Nights op1"]
[Site "St Petersburg"]
[Date "2002.??.??"]
[Round "3"]
[White "Egin, Vladimir"]
[Black "Vulfson, Vladimir"]
[Result "1/2-1/2"]
[WhiteElo "2476"]
[BlackElo "2412"]
[PlyCount "33"]
[EventDate "2002.??.??"]
[EventType "swiss"]
[EventRounds "9"]
[EventCountry "RUS"]
[SourceTitle "EXT 2003"]
[Source "ChessBase"]
[SourceDate "2002.11.25"]
[SourceVersion "1"]
[SourceVersionDate "2002.11.25"]
[SourceQuality "1"]

1. e4 c5 2. Nf3 Nc6 3. Bb5 e6 4. Bxc6 bxc6 5. d3 Ne7 6. Qe2 Ng6 7. h4 h5 8. e5 f6 9. Qe4 Kf7 10. Rh3 d5 11. exd6 Bxd6 12. Qxc6 Rb8 13. Na3 Bb7 14. Qa4 Qc7 15. Nc4 Bd5 16. b3 Bxc4 17. Qxc4 1/2-1/2

[Event "St Petersburg White Nights op1"]
[Site "St Petersburg"]
[Date "2002.??.??"]
[Round "5"]
[White "Utkin, Aleksey"]
[Black "Vulfson, Vladimir"]
[Result "1-0"]
[WhiteElo "2360"]
[BlackElo "2412"]
[PlyCount "61"]
[EventDate "2002.??.??"]
[EventType "swiss"]
[EventRounds "9"]
[EventCountry "RUS"]
[SourceTitle "EXT 2003"]
[Source "ChessBase"]
[SourceDate "2002.11.25"]
[SourceVersion "1"]
[SourceVersionDate "2002.11.25"]
[SourceQuality "1"]

1. d4 d5 2. Nf3 Nf6 3. c4 dxc4 4. e3 e6 5. Bxc4 c5 6. 0-0 a6 7. e4 cxd4 8. e5 Nfd7 9. Bf4 Nc6 10. Nbd2 b5 11. Bd3 Nc5 12. Ne4 Nxd3 13. Qxd3 Qd5 14. Rfe1 Bb7 15. Rac1 Be7 16. a3 h6 17. b4 0-0 18. Qd2 Rad8 19. Bg3 d3 20. Nf6+ gxf6 21. Qxh6 d2 22. Nxd2 Qxd2 23. Bf4 Qxc1 24. Rxc1 Nxe5 25. Bxe5 fxe5 26. h4 Rc8 27. Re1 Rc4 28. Rxe5 Rfc8 29. Rh5 Rc1+ 30. Kh2 Bd6+ 31. f4 1-0